LEADER 01059nam a2200205 i 4500 001 000000198147 003 CaOOAMICUS 005 20110225000000.0 008 110225s1908 it u000 u ita u 013 $a176835 040 $aSeMil$bita 100 1 $aLa Monica, Luigi.$0(OLS)http://semarc/name/71715 245 10$aSolidarietà e legislazione sociale :$bsaggio sul fondamento etico della legislazione sociale con riguardo alle principali leggi emanate nei varii Stati d'Europa /$cLuigi La Monica. 260 $aLecce :$bTip. Sociale Cooperativa,$c1908. 300 $a130 p. ;$c25 cm. 650 4$aLegislazione sociale.$0(OLS)http://semarc/subject/37163 850 $aSeMil 852 $aSeMil$W1$xVenegono$y1$m3L IV 172$j148703$B148703$CSeMilBibl$Z2$F160102 $81 996 $6245$aSolidarietà e legislazione sociale :$bsaggio sul fondamento etico della legislazione sociale con riguardo alle principali leggi emanate nei varii Stati d'Europa$9(OLS)http://semarc/title/286248 996 $6260$aLecce :$bTip. Sociale Cooperativa$9(OLS)http://semarc/publisher/51123 LEADER 01174nam a2200289 i 4500 001 000000123689 003 CaOOAMICUS 005 20210409101547.0 008 180323s2016 it a u000 u ita u 013 $a96385 020 $a978-88-6894-243-4 040 $aSeMil$bita 245 00$aStoria religiosa dell'Italia /$ca cura di Luciano Vaccaro. 264 1$aMilano :$bCentro Ambrosiano,$c2016. 300 $a838 p. :$bill. ;$c25 cm 490 1 $aEuropa ricerche ;$v21 650 4$aItalia - Storia religiosa.$0(OLS)http://semarc/subject/1010 700 1 $aVaccaro, Luciano.$0(OLS)http://semarc/name/205 710 0 $aFondazione Ambrosiana Paolo 6. .$0(OLS)http://semarc/name/223 830 0$aEuropa ricerche ;$v21.$0(OLS)http://semarc/title/384 850 $aSeMil 852 $aSeMil$W1$xVenegono$y1$m3C VI 10$j78345$B78345$CSeMilBibl$Z2$F80619 $81 961 $aOmaggio: Perego don Stefano 996 $6020$a978-88-6894-243-4$9(OLS)http://semarc/number/273499 996 $6245$aStoria religiosa dell'Italia$9(OLS)http://semarc/title/45408 996 $6264$aMilano :$bCentro Ambrosiano$9(OLS)http://semarc/publisher/29766